Nintendo Characters - Statistics

General Stats
  • This quiz has been taken 194 times
  • The average score is 7 of 15
Answer Stats
Hint Answer % Correct
Holder of the Triforce of Courage Link
97%
Wins a mansion without entering a contest Luigi
77%
Helpful alien species Olimar encounters on his journey Pikmin
70%
Galactic bounty hunter Samus
69%
Leader of the Toad Brigade Captain Toad
64%
Goddess of light Palutena
60%
Marth impersonator Lucina
53%
Obscure NES peripheral only used for two games R.O.B.
38%
Kirby’s most iconic enemy Waddle Dee
34%
Little Mac’s coach Doc Louis
33%
Oldest Super Smash Bros competitor Mr. Game and Watch
31%
Final boss of the Subspace Emissary Tabuu
28%
Mayor of the town in Animal Crossing Tortimer
26%
Prince of Patch Land Prince Fluff
14%
Teacher from “Big Brain Academy” Dr. Lobe
7%
No matching quizzes found
Score Distribution
Percent of People with Each Score
Percentile by Number Answered
Your Score History
You have not taken this quiz